Kế toán tài chính doanh nghiệp

Giới thiệu chuẩn mực chung về kế toán và kế toán tài chính cho doanh nghiệp. Tài sản cố định hữu hình và vô hình. Kế toán hàng tồn kho, kế toán hoạt động tài chính, kế toán chi phí đi vay, kế toán chênh lệch tỷ giá hối đoái, kế toán doa...

Descrición completa

Gardado en:
Detalles Bibliográficos
Formato: Libro
Idioma:Undetermined
Publicado: Hà Nội Thống Kê 2000
Những chủ đề:
Các nhãn: Engadir etiqueta
Sen Etiquetas, Sexa o primeiro en etiquetar este rexistro!
Thư viện lưu trữ: Trung tâm Học liệu Trường Đại học Cần Thơ
LEADER 00935nam a2200181Ia 4500
001 CTU_155984
008 210402s9999 xx 000 0 und d
082 |a 657.3 
082 |b K250 
245 0 |a Kế toán tài chính doanh nghiệp 
245 0 |c Võ Văn Nhị ... [et.al] 
260 |a Hà Nội 
260 |b Thống Kê 
260 |c 2000 
520 |a Giới thiệu chuẩn mực chung về kế toán và kế toán tài chính cho doanh nghiệp. Tài sản cố định hữu hình và vô hình. Kế toán hàng tồn kho, kế toán hoạt động tài chính, kế toán chi phí đi vay, kế toán chênh lệch tỷ giá hối đoái, kế toán doanh thu và thu nhập khác, báo cáo tài chính... 
650 |a Accounting,Kế toán 
904 |i Trọng Hiếu 
980 |a Trung tâm Học liệu Trường Đại học Cần Thơ